000 00490nam a2200169Ia 4500
999 _c27537
_d27537
003 OSt
005 20210104112323.0
008 190216s9999||||xx |||||||||||||| ||und||
040 _coclc
082 _a894.8122
_bCHA/C
100 _aChandran, P N
_97624
245 0 _aChennaykkalkkidayil /
_cP N Chandran
260 _bPoorna Publication,
_c1996.
_a Kozhikode:
300 _a84p
650 _aMalayalam Nadakam
942 _cBK
_2ddc
_h894.8122
_iCHA/C
_k894.8122
_mCHA/C